Movies Quiz

Random Movies or War Quiz

Star wars characters Quiz Stats

 Plays Quiz not verified by Sporcle

Score 0/44 Timer 05:00
0 Plays Today
Episodes Character % Correct
1,2,3,4,5,6darth vader
91.7%
1,2,3,4,5,6obi wan
88.3%
1,2,3,4,5,6yoda
83.3%
3,4,5,6luke
81.4%
1,2,3,4,5,6r2d2
78.3%
3,4,5,6leia
78.3%
1,2,3,4,5,6c-3po
78%
1,2,3,4,5,6palpatine
71.9%
4,5,6han solo
70%
1qui gon
62.7%
3,4,5chewbacca
62.7%
6jabba
61.7%
2,3,5,6boba fett
60%
2jango fett
60%
1darth maul
53.3%
6mace windu
48.3%
4,5,6lando
46.7%
3general grievous
45.6%
3dooku
43.9%
5,6moff tarkin
35.1%
2,3kit fisto
32.2%
1,2shmi
32.2%
Episodes Character % Correct
1,2watto
32.2%
5,6wedge antilles
31.6%
2,3ki adi mundi
31%
2,3plo koon
28.8%
6ackbar
28.8%
6wicket
28.3%
2,3aayla secura
22%
2,3saesee tiin
22%
5biggs darklighter
21.1%
2,3agen kolar
20.3%
4lobot
20%
2,3luminara unduli
19.3%
2,3shaak ti
16.9%
6paploo
15%
5veers
14%
4captain antilles
11.7%
2pablo jill
10.3%
2coleman trebor
10.2%
6chirpa
10%
2,3cody
10%
6logray
8.5%
5dak ralter
8.3%

You're not logged in!

Compare scores with friends on all Sporcle quizzes.
OR
Log In

Show Comments

Extras

Created Feb 13, 2012ReportNominate
Tags:War Quiz, character, episode, star

Top Quizzes Today


Score Distribution

Your Account Isn't Verified!

In order to create a playlist on Sporcle, you need to verify the email address you used during registration. Go to your Sporcle Settings to finish the process.

Report this User

Report this user for behavior that violates our Community Guidelines.

Details: